000 01166cam a2200277 i 4500
003 SA-RiAUC
005 20250518093909.0
008 250515s2009 su g 00010dara c
020 _a9789960869858
040 _aSA-JeKAU
_bara
_cSA-RiAUC
_erda
082 0 4 _a213
090 _a213
_b خ ر ا
100 1 _aالخراشي، سليمان بن صالح
_eمؤلف.
245 1 0 _aتعقبات الشيخ العلامة سليمان بن سحمان على بعض تعليقات الشيخ رشيد رضا على كتب أئمة الدعوة /
_cسليمان بن صالح الخراشي.
250 _aالطبعة الأولى.
264 1 _aالرياض :
_bدار الصميعي،
_c2009
300 _a238 صفحة ؛
_c24 سم
336 _aنص
_btxt
_2rdacontent
_3كتاب
337 _aبدون وسيط
_bn
_2rdamedia
338 _aمجلد
_bnc
_2rdacarrier
600 0 7 _aمحمد رشيد رضا،
_d1865-1935
_2aucnm
600 1 7 _aابن سحمان، سليمان بن سحمان بن مصلح،
_d1268-1349 هجري
_2aucnm
650 7 _aالدعوة الإسلامية
_2aucsh
942 _2ddc
_cBOOK
_n0
949 _aSA-JeALM
_d250515
_umohamedma123
_n1
999 _c8015
_d8015